Code for sustainable homes and energy performance of buildings (Record no. 112768)
[ view plain ]
| 000 -LEADER | |
|---|---|
| fixed length control field | 01358cad a22002055a 4500 |
| 001 - CONTROL NUMBER | |
| control field | L153927 |
| 008 - FIXED-LENGTH DATA ELEMENTS--GENERAL INFORMATION | |
| fixed length control field | 110922s2011 xxk f 000 0 eng d |
| 035 ## - SYSTEM CONTROL NUMBER | |
| System control number | (Sirsi) u153927 |
| 041 0# - LANGUAGE CODE | |
| Language code of text/sound track or separate title | eng |
| 110 2# - MAIN ENTRY--CORPORATE NAME | |
| Corporate name or jurisdiction name as entry element | Department for Communities and Local Government |
| 9 (RLIN) | 5880 |
| 245 00 - TITLE STATEMENT | |
| Title | Code for sustainable homes and energy performance of buildings |
| Remainder of title | cumulative and quarterly data for England, Wales and Northern Ireland up to end of June 2011 |
| Medium | [electronic resource] |
| 260 ## - PUBLICATION, DISTRIBUTION, ETC. | |
| Place of publication, distribution, etc. | London |
| Name of publisher, distributor, etc. | DCLG |
| Date of publication, distribution, etc. | 2011 |
| 520 ## - SUMMARY, ETC. | |
| Summary, etc. | Statistics relate to the number of dwellings that have been certified in the Code for Sustainable Homes Technical Guide. Key points from the release include that there were 32 725 post construction stage certificates and 72 969 design stage certificates issued up to 30th June 2011. Also the average energy efficiency (SAP) rating of new homes was 80.2 in England and 79.7 in Wales for the quarter April - June 2011. This is a decrease of 0.6 points for both England and Wales on the same quarter 2010, from 80.8 and 80.3 respectively |
| 590 ## - LOCAL NOTE (RLIN) | |
| Local note | KA |
| 651 #4 - SUBJECT ADDED ENTRY--GEOGRAPHIC NAME | |
| Geographic name | England and Wales |
| Chronological subdivision | 1543- |
| 651 #4 - SUBJECT ADDED ENTRY--GEOGRAPHIC NAME | |
| Geographic name | Northern Ireland |
| Chronological subdivision | 2007- |
| 690 ## - LOCAL SUBJECT ADDED ENTRY--TOPICAL TERM (OCLC, RLIN) | |
| Topical term or geographic name as entry element | ENVIRONMENTAL AND LAND CONSULTANCY-SUSTAINABILITY |
| 856 40 - ELECTRONIC LOCATION AND ACCESS | |
| Uniform Resource Identifier | <a href="https://www.communities.gov.uk/documents/statistics/pdf/1972890.pdf">https://www.communities.gov.uk/documents/statistics/pdf/1972890.pdf</a> |
| Public note | View the item free of charge at www.communities.gov.uk |
| 942 ## - ADDED ENTRY ELEMENTS (KOHA) | |
| Suppress in OPAC | 0 |
| Withdrawn status | Lost status | Source of classification or shelving scheme | Damaged status | Not for loan | Home library | Current library | Shelving location | Date acquired | Total Checkouts | Full call number | Barcode | Date last seen | Copy number | Price effective from | Koha item type |
|---|---|---|---|---|---|---|---|---|---|---|---|---|---|---|---|
| Dewey Decimal Classification | Virtual | Virtual | Online | 22/09/2011 | ONLINE PUBLICATION | 153927-2001 | 06/08/2019 | 1 | 06/08/2019 | Book |